logo

Bir Sreshtho Munshi Abdur Rouf Library
Jhenaidah Cadet College

Bengali Arabic Grammar : (Record no. 8436)

MARC details
000 -LEADER
fixed length control field 00611nam a2200205 a 4500
003 - CONTROL NUMBER IDENTIFIER
JCCL marc code BD-JhCC
005 - DATE AND TIME OF LATEST TRANSACTION
control field 20180224174117.0
008 - FIXED-LENGTH DATA ELEMENTS--GENERAL INFORMATION
fixed length control field 180224s1964 bg |||| |||| 000 0 mul d
035 ## - SYSTEM CONTROL NUMBER
system control number (BD-JhCC)
040 ## - CATALOGING SOURCE
Original cataloging agency BD-JhCC
Modifying agency BD-JhCC
041 ## - LANGUAGE CODE
Language code of Book Arabic & Bengali
082 ## - DEWEY DECIMAL CLASSIFICATION NUMBER
Classification number 492.70711
Author mark and Year HAK 1964
100 ## - MAIN ENTRY--PERSONAL NAME
Personal name Hakim, Moulvi A. F. M. Abdul
245 ## - TITLE STATEMENT
Title Bengali Arabic Grammar :
Remainder of title (আরবী ব্যাকরণ) /
Statement of responsibility, etc Moulvi A. F. M. Abdul Hakim
260 ## - PUBLICATION, DISTRIBUTION, ETC. (IMPRINT)
Place of publication, distribution, etc Dhaka :
Name of publisher, distributor, etc The Islamiah Library,
Date of publication, distribution, etc 1964.
300 ## - PHYSICAL DESCRIPTION
Pagination 98 p. :
Dimensions 18 cm.
650 ## - SUBJECT ADDED ENTRY--TOPICAL TERM
Topical term or geographic name as entry element Arabic Language
General subdivision Grammar
942 ## - ADDED ENTRY ELEMENTS (KOHA)
Source of classification or shelving scheme Dewey Decimal Classification
Koha item type Books
Holdings
Source of classification or shelving scheme Damaged status Not for loan Home library Current library Shelving location Date of accession Cost, normal purchase price Total Checkouts Full call number Barcode Date last seen Copy number Koha item type
Dewey Decimal Classification     JCC Rouf Library JCC Rouf Library General Stacks 09/25/2018 12.00   492.70711 HAK 1964 11052 09/25/2018 C-1 Books

JCC Library | Contacts | JCC Home

Last Update on 23 September 2017
Copyright @ 2017-2020 JCC Rouf Library
Rouf Library, Jhenidah Cadet College (JCC), Bangladesh